[Event "Civil Service Major op"]
[Site "London"]
[Date "2005.11.06"]
[Round "5"]
[White "Lacey, D."]
[Black "Mihajlova, Diana"]
[Result "1-0"]
[WhiteElo "1512"]
[BlackElo "1152"]
[PlyCount "25"]
[EventDate "2005.11.05"]
[EventType "swiss"]
[EventRounds "5"]
[EventCountry "ENG"]
[SourceTitle "EXT 2007"]
[Source "ChessBase"]
[SourceDate "2006.11.23"]
[SourceVersion "1"]
[SourceVersionDate "2006.11.23"]
[SourceQuality "1"]

1. d4 d5 2. Nf3 Nf6 3. Bf4 Bf5 4. c3 g6 5. e3 Bg7 6. Be2 e6 7. Nbd2 Nc6 8. Ne5 Ne4 9. Nxe4 dxe4 10. g4 g5 11. gxf5 gxf4 12. Nxc6 f3 13. Nxd8 1-0